| 000 | 00519nam a2200181Ia 4500 | ||
|---|---|---|---|
| 005 | 20260429111845.0 | ||
| 008 | 260429s9999||||xx |||||||||||||| ||und|| | ||
| 020 | _a9789384502317 | ||
| 041 | _aEnglish | ||
| 082 |
_a579 _bMAR |
||
| 100 | _aMarshall, Charles E. | ||
| 245 | 0 |
_aMicrobiology : _ba textbook of micro organisms general and applied / _cCharles E. Marshall |
|
| 250 | _a1st ed. | ||
| 260 |
_aNew Delhi : _bAgri-Biovet Press, _c2017. |
||
| 300 | _aix, 590 p.; hb | ||
| 650 | _aMicrobiology | ||
| 942 | _cTB | ||
| 999 |
_c51162 _d51162 |
||